| 000 | 00672nam a2200217 a 4500 | ||
|---|---|---|---|
| 999 |
_c11106 _d11106 |
||
| 001 | 11106 | ||
| 003 | BD-JhCC | ||
| 005 | 20200330134008.0 | ||
| 008 | 190629b 2017bg a|||| ||a| 000 0 ben d | ||
| 020 | _a9789849300199 | ||
| 035 | _a(BD-JhCC)11106 | ||
| 040 |
_aBD-JhCC _dBD-JhCC |
||
| 041 | _aben | ||
| 082 |
_a891.443 _bHAQ 2017 |
||
| 100 | _aহক, সৈয়দ শামসুল | ||
| 245 |
_aআনারকলি / _cসৈয়দ শামসুল হক । |
||
| 260 |
_aঢাকা: _bপ্রথমা প্রকাশন; _c২০১৭. |
||
| 300 |
_a৮৬ পৃঃ . : _bill; _c১৬ সেমি. |
||
| 650 | _aNobel | ||
| 942 |
_2ddc _cBK _03 |
||